| 000 | 01204nam a2200277 i 4500 | ||
|---|---|---|---|
| 003 | IT-RoINE | ||
| 005 | 20230119155957.0 | ||
| 008 | 050311s2004 sp ah r |||0|||spa|d | ||
| 020 | _a8497725662 | ||
| 040 |
_aES-MaMEB _cIT-RoINE _dIT-RoINE |
||
| 100 | 1 |
_aAlonso Marañón, Pedro Manuel _930916 |
|
| 245 | 1 | 3 |
_aEl Concilio de Trento y los colegios de las "naciones" de la Universidad de Alcalá de Henares : _bel Colegio Menor "de León" (1586-1843) / _cPedro Manuel Alonso Marañón, Manuel Casado Arboniés, Francisco Javier Casado Arboniés. |
| 260 | 3 |
_aMadrid : _bDykinson, _c2004. |
|
| 300 |
_a261 p. : _bil., facs. ; _c24 cm. |
||
| 336 |
_2rdacontent _atext |
||
| 337 |
_2rdamedia _aunmediated |
||
| 338 |
_2rdacarrier _avolume |
||
| 500 | _aApéndice constitucional: p. 199-225. | ||
| 504 | _aFuentes y bibliografía: p. 227-261. | ||
| 610 | 2 | 4 |
_97703 _aUniversidad de Alcalá de Henares (España) _xHistoria |
| 610 | 2 | 4 |
_aColegio Menor de León (Alcalá de Henares, España) _xHistoria _930919 |
| 611 | 2 | 0 |
_aConcilio de Trento _d(1545-1563) _97195 |
| 700 | 1 |
_aCasado Arboniés, Manuel _923645 _d1960- |
|
| 700 | 1 |
_aCasado Arboniés, Francisco Javier, _923648 _d1962- |
|
| 942 | _cMTS | ||
| 999 |
_c15243 _d15243 |
||